Jet2 Destinations Quiz Stats

 Plays Quiz not verified by Sporcle

Support Sporcle.
Go Orange.
Score 0/17 Timer 05:00
0 Plays Today
% Correct
Alicante
76.8%
Malaga
66.7%
Tenerife
65.2%
Lanzarote
59.4%
Paris
56.5%
Barcelona
53.6%
Amsterdam
52.2%
Rome
49.3%
Faro
44.9%
% Correct
Mallorca
39.1%
Prague
37.7%
Belfast
29%
Paphos
27.5%
Geneva
26.1%
Murcia
26.1%
Dusseldorf
18.8%
Madeira
11.6%

You're not logged in!

Compare scores with friends on all Sporcle quizzes.
OR
Log In

From the Vault

Adopt a Dog!

by gazzso

Adopting dogs is nice; consider visiting your local shelter.
Remove Ads.
Support Sporcle.
Get the best of Sporcle when you Go Orange. This ad-free experience offers more features, more stats, and more fun while also helping to support Sporcle. Thank you for becoming a member.

Show Comments

Extras

Created Mar 16, 2011ReportNominate
Tags:destination

Top Quizzes Today


Score Distribution

Your Account Isn't Verified!

In order to create a playlist on Sporcle, you need to verify the email address you used during registration. Go to your Sporcle Settings to finish the process.

Report this User

Report this user for behavior that violates our Community Guidelines.

Details: